Seydiköy'den Gaziemir'e (Record no. 1351)

MARC details
000 -BAŞLIK
Sabit Uzunlukta Kontrol Alanı 00635na a2200217 4500
001 - KONTROL NUMARASI
Denetim Alanı 13121
003 - KONTROL NUMARASI IDENTIFIER
Denetim Alanı MIRAKIL
005 - SON İŞLEM TARİHİ VE ZAMANI
Denetim Alanı 20181213154820.0
008 - SABİT-BOY VERİ ELEMANLARI - GENEL BİLGİLER
Sabit Uzunlukta Kontrol Alanı 161009b tu 000 0
040 ## - KATALOGLAMA KAYNAK
Orijinal Kataloglama Ajansı Milas
Kataloglama Dili tur
Metne Dönüştürmek Ajansı TR-AnCHP
041 ## - DİL KODU
Metin / Ses Parça Veya Ayrı Başlığın Dil Kodu tur
082 ## - DEWEY ONLU SINIFLANDIRMA NUMARASI
Sınıflandırma Numarası 956.21142
Ürün Numarası S39 2010
090 ## - SINIFLAMA NUMARASI
Sınıflama Numarası 956.21142 S39 2010
245 ## - BAŞLIK TABLOSU
Başlık Seydiköy'den Gaziemir'e
Sorumluluk Tablosu, Vb yayına hazırlık: Engin Çokbankir, Ercan Çokbankir
260 ## - YAYIN, DAĞITIM, VB
Yayın, Dağıtım, Vb Yeri İzmir
Yayıncı, Dağıtıcı, Vs Adı Gaziemir Belediyesi
Yayın, Dağıtım, Vb Tarihi 2010
300 ## - FİZİKSEL TANIM
Kapsam 125 s.
Diğer Fiziksel Ayrıntıları fotğ.
Boyutlar 19 sm.
651 ## - KONU KATMA GİRİŞ - COĞRAFİ ADI
Coğrafi İsim Seydiköy, İzmir
Genel Alt Bölümü Tarih
Kronolojik Alt Bölümü Fotoğraflar
700 ## - KATMA GİRİŞ - KİŞİSEL İSİM
Kişisel Ad Çokbankir, Engin
700 ## - KATMA GİRİŞ - KİŞİSEL İSİM
Kişisel Ad Çokbankir, Ercan
942 ## - EKLENDİ GİRİŞ ELEMANLARI (KOHA)
Sınıflandırma Veya Raf Düzeni Kaynak
Koha Öğesi Türü Books
999 ## - SİSTEM KONTROL NUMARALARI (KOHA)
Koha Biblionumber 1351
Koha Biblioitemnumber 1351
Holdings
Kalıcı Konum Mevcut Konum Edinme Tarihi Edinim Kaynak Toplam Check-Out'Lar Tam Çağrı Numarası Barkod Tarih Son Görülme İtibaren Geçerli Fiyatlar Koha Öğesi Türü
CHP Kütüphanesi CHP Kütüphanesi 08/08/2016 Bağış   956.21142 S39 2010 000816 08/08/2016 08/08/2016 Books